000 00513nam a2200181Ia 4500
005 20250508151845.0
008 008 250505s9999 xx 000 0 eng d
037 _aReference
040 _aFEDL
_beng
_cFEDL
041 _aeng
_2eng
084 _a745.03, STO
_qFEDL
100 _aStoutenburgh John L
_9760168
245 0 _aDictionary of arts and crafts
260 _aNew York, USA
_bPhilosophical Library
_c1956
300 _avii,259p.
942 _cREF
_h745.03, STO
999 _c1332540
_d1332540